[Event "Taubate op 2nd"]
[Site "Taubate"]
[Date "2021.12.18"]
[Round "4"]
[White "De Jesus, Joao Pedro Mendez"]
[Black "Cassiano, Matheus Natanael"]
[Result "0-1"]
[WhiteElo "1693"]
[BlackElo "1780"]
[PlyCount "81"]
[EventDate "2021.12.16"]
[EventType "swiss"]
[EventRounds "6"]
[EventCountry "BRA"]
[SourceTitle "CBM 206 Extra"]
[Source "ChessBase"]
[SourceDate "2022.03.31"]
[SourceVersion "1"]
[SourceVersionDate "2022.03.31"]
[SourceQuality "1"]

1. e4 e6 2. d4 d5 3. Nc3 Nf6 4. Bg5 Bb4 5. e5 h6 6. Be3 Bxc3+ 7. bxc3 Ne4 8. Qg4 Kf8 9. Bd3 Nxc3 10. Ne2 Nxe2 11. Kxe2 c5 12. dxc5 Nc6 13. f4 d4 14. Bc1 Qa5 15. a4 Kg8 16. Ba3 Qxa4 17. h4 Qa5 18. Rh3 h5 19. Qg5 Qd8 20. Qxd8+ Nxd8 21. Be4 Bd7 22. Rb3 a6 23. Bb2 Rc8 24. Bxd4 Bc6 25. Ke3 Bxe4 26. Kxe4 g6 27. Rb6 Kg7 28. c3 Re8 29. Rab1 Re7 30. Kd3 Rd7 31. Rd6 Rcc7 32. Rbb6 Rc8 33. Kc2 Ra8 34. Kb3 f5 35. g3 Kf7 36. Be3 Ke7 37. Bd4 Nc6 38. Ka4 Ke8 39. Be3 Na7 40. Ka5 Nb5 41. Bd4 0-1

[Event "Taubate op 2nd"]
[Site "Taubate"]
[Date "2021.12.16"]
[Round "1"]
[White "De Jesus, Joao Pedro Mendez"]
[Black "Mendes Domingues, Ribeiro Matheus"]
[Result "0-1"]
[WhiteElo "1693"]
[BlackElo "2110"]
[PlyCount "50"]
[EventDate "2021.12.16"]
[EventType "swiss"]
[EventRounds "6"]
[EventCountry "BRA"]
[SourceTitle "CBM 206 Extra"]
[Source "ChessBase"]
[SourceDate "2022.03.31"]
[SourceVersion "1"]
[SourceVersionDate "2022.03.31"]
[SourceQuality "1"]

1. e4 c5 2. Nf3 e6 3. d3 Nc6 4. g3 Nf6 5. Bg2 d5 6. Qe2 Be7 7. 0-0 0-0 8. e5 Nd7 9. c4 Nb6 10. Nc3 Nd4 11. Nxd4 cxd4 12. Nb1 dxc4 13. dxc4 Qc7 14. b3 d3 15. Qe1 Rd8 16. Bb2 Bd7 17. Nd2 Bc6 18. Rd1 a5 19. a3 Bxg2 20. Kxg2 a4 21. b4 Nxc4 22. Rc1 b5 23. Nxc4 bxc4 24. Qd2 Rac8 25. Rfd1 h6 0-1

[Event "Sao Jose dos Campos op"]
[Site "Sao Jose dos Campos"]
[Date "2021.10.09"]
[Round "2"]
[White "De Jesus, Joao Pedro Mendez"]
[Black "De Lima, Luciano Neves"]
[Result "1-0"]
[WhiteElo "1600"]
[BlackElo "1896"]
[PlyCount "90"]
[EventDate "2021.10.09"]
[EventType "swiss"]
[EventRounds "7"]
[EventCountry "BRA"]
[SourceTitle "CBM 204 Extra"]
[Source "ChessBase"]
[SourceDate "2021.11.30"]
[SourceVersion "1"]
[SourceVersionDate "2021.11.30"]
[SourceQuality "1"]

1. e4 d5 2. exd5 Nf6 3. d4 Nxd5 4. c4 Nb6 5. Nc3 e5 6. Qe2 Qxd4 7. Nf3 Qd8 8. Qxe5+ Be6 9. Ng5 Nc6 10. Qe4 Qe7 11. Nxe6 Qxe6 12. Qxe6+ fxe6 13. Bf4 0-0-0 14. Be2 Nd4 15. Rc1 Nxe2 16. Kxe2 Rd4 17. Bxc7 Rxc4 18. Nb5 Rxc1 19. Rxc1 Nd5 20. Nxa7+ Kd7 21. Be5 Be7 22. Nb5 Bf6 23. Bxf6 gxf6 24. Nc3 Nb4 25. a3 Nc6 26. Ne4 Ke7 27. Nc5 Rb8 28. b4 Nd4+ 29. Ke3 Nf5+ 30. Kf4 Nd4 31. Ke4 e5 32. Rc3 b6 33. Na4 Kd6 34. Rh3 Rb7 35. Rh6 Ke6 36. g4 Rg7 37. h3 Nb5 38. Nxb6 Nxa3 39. Nd5 Rf7 40. f4 exf4 41. Nxf4+ Kd7 42. Nd5 f5+ 43. gxf5 Nb5 44. Ke5 Nc7 45. Nxc7 Kxc7 1-0

[Event "Taubate op"]
[Site "Taubate"]
[Date "2020.10.31"]
[Round "1"]
[White "De Jesus, Joao Pedro Mendez"]
[Black "Rodrigues, Leonardo De Miranda"]
[Result "0-1"]
[WhiteElo "1515"]
[BlackElo "2144"]
[PlyCount "56"]
[EventDate "2020.10.31"]
[EventType "swiss"]
[EventRounds "6"]
[EventCountry "BRA"]
[SourceTitle "CBM 199 Extra"]
[Source "ChessBase"]
[SourceDate "2021.01.31"]
[SourceVersion "1"]
[SourceVersionDate "2021.01.31"]
[SourceQuality "1"]

1. e4 d6 2. d4 Nf6 3. Nc3 g6 4. Bg5 Bg7 5. f4 0-0 6. Nf3 c5 7. Qd2 cxd4 8. Nxd4 Nc6 9. Nf3 Qb6 10. Bc4 Qxb2 11. 0-0 Qb4 12. Bb3 Ng4 13. e5 dxe5 14. Rab1 Qc5+ 15. Kh1 Bf5 16. Rbe1 Rad8 17. Nd5 e4 18. Ne5 e3 19. Qc1 Bxe5 20. fxe5 Rxd5 21. Bxd5 Qxd5 22. Rxf5 gxf5 23. h3 Ngxe5 24. Bh6 Rd8 25. Qxe3 Rd6 26. Bf4 Rg6 27. Re2 Nc4 28. Qg1 e5 0-1